000 00463nam a2200169 i 4500
001 bg
100 1 _aEGUCHI, Kazuo
245 0 _aError analysis of a new guarded-hot-plate apparatus to measure the thermal conductivities /
_cby Kazuo Eguchi.
260 _aTokyo,
_c1984.
490 1 _aResearch Paper ;
_vno. 105
830 _aResearch Paper ;
040 _cBPK
041 _apol
080 _a624
942 _cKS
008 s pl f |000 0 pol
999 _c23230
_d23230
856 _uhttp://koha.tu.koszalin.pl/cgi-bin/koha/opac-detail.pl?biblionumber=23230
_yKatalog online BPK